000 01715naa a22003137a 4500
001 BR8707789
003 BR-BrBNA
005 20250721154536.0
007 ta
008 250630b bl.|||m| |||| 00| 0 por d
040 _aBR-BrBNA
_bpor
_cBiblioteca Nacional de Agricultura
041 _a(Pt)
072 _aL50
_b5213
_b5214
090 _aL50 BR8707789
100 1 _aMartins Filho, R.
100 1 _aPereira, C.S.
111 1 _a4. Seminario de Pesquisa Agropecuaria do Piaui
_cTeresina, PI (Brazil)
_d1986
245 1 _aFatores geneticos e de ambiente como causa da variacao na duracao das tres primeiras lactacoes em bovinos da raca caracu
246 1 _a[Genetical factors that causes variation in duration of the three first lactations in dairy cattle]
246 1 _a[Annals of the 4th Seminary on Agricultural and Zootechnic research of Piaui: Piaui and agricultural development, generation of tecnology, irrigation policy and alternative agriculture]
500 _aAnais do 4. Seminario de Pesquisa Agropecuaria do Piaui: Piaui e desenvolvimento agricola, geracao de tecnologia, politica de irrigacao e agricultura alternativa Teresina, PI (Brasil): 1986. p. 461-477 [20 ref.; Summary (Pt)] (BR8707789-AMS)
773 0 _tAnais do 4. Seminario de Pesquisa Agropecuaria do Piaui: Piaui e desenvolvimento agricola, geracao de tecnologia, politica de irrigacao e agricultura alternativa
_wL50 BR8707789
_gTeresina, PI (Brasil), 1986. p. 461-477
650 _aGADO CARACU
650 _aLACTACAO
650 _aFISIOLOGIA ANIMAL
490 _aDocumentos - Unidade de Execucao de Pesquisa de Ambito Estadual de Teresina (Brazil)
_vno. 6
942 _cAMS
_2AGRIS
909 _a202506
_bLúcia
_c55
_dLúcia Elande
999 _c335513
_d335513